| 000 | 00720nam2a2200229 4500 | ||
|---|---|---|---|
| 001 | RU\NLR\BIBL_A\012095977 | ||
| 005 | 20250623205706.0 | ||
| 010 |
_a5-7740-0374-4 _bв палiт _91800 |
||
| 035 | _a(NLR Aleph) 012095977 | ||
| 090 |
_a13296855 _c13296855 |
||
| 100 | _a20190918d1991 |||y0rusy50 ca | ||
| 101 | 0 | _a9rt | |
| 102 | _aRU | ||
| 105 | _ay z 000 y | ||
| 200 | 0 | _a[Вып. 3] | |
| 210 |
_d1991 _aБ. м. |
||
| 215 | _a278, [1] с. | ||
| 461 | 0 |
_1001RU\NLR\BIBL_A\012095874 _12001#$aПирнэшу астру$eстихя, пиимата, дъыимата$f[схиматыстыс Л. Н. Кирьяков]$vВып. 3 |
|
| 852 |
_aNLR _bОНЛ _jРумейск./2-1 |
||
| 942 | _cBOOK | ||
| 980 | _aNB | ||